Feat en commun - Statistiques

Statistiques générales
  • Ce quiz a été pris 44 fois
    41 depuis la dernière actualisation
  • Le résultat moyen est 4 sur 13
Statistiques - réponses
Artiste n°1 Feat en commun Artiste n°2 % Correct
Kaaris Alpha wann, Hamza,Jok'air, Vladimir cauchemar, SCH, Koba laD Laylow
63%
Soolking Gambi NLE Choppa
58%
Booba Zed, Damso Zola
50%
Nekfeu Vanessa Paradis M
33%
Damso Angèle Philipe Katerine
29%
NTM Sofiane Naps
29%
Bu$hi NeS, Selug Luther
25%
Limsa d'Aulnay Soprano Kendji Girac
25%
Vald Heuss l'enfoiré, Orelsan,Vladimir cauchemar Lorenzo
21%
Ziak HOUDI winterzuko
17%
Guy2Bezbar Rick Ross Kanye West
17%
Jul Morad Bizzarap
8%
Black M Kids United Patrick Bruel
4%
Aucun quiz correspondant
Distribution des résultats
% des personnes avec chaque résultat
Percentile par nombre de réponses
Votre historique - résultats
Vous n’avez pas pris ce quiz depuis la dernière actualisation